000
00303nam a22001337a 4500
008
171004b xxu||||| |||| 00| 0 eng d
020
_a
2900136111237
041
_a
eng
080
_2
11 ED
_a
159.9
100
_a
48
101
_a
PSI
245
_a
EDUCATIONAL PSYCHOLOGY
_c
WOOLFOLK.A
942
_2
udc
_c
BK
999
_c
31584
_d
31584